000 00856nam a2200229 a 4500
001 48309
003 BD-RjUL
005 20211209054510.0
008 160813s1976 bg ||||| |||| 00| 0 ben d
020 _c: Tk. 6.00
035 _a(BD-RjUL) 48428
040 _aBD-RjUL
_bben
_cBD-RjUL
041 _aben
082 _223
_a820.92
_bSEE 1976
100 1 _aসেনগুপ্ত, সত্যপ্রসাদ
_9146262
245 1 0 _aইংরেজী সাহিত্যের দ্বাদশ সূর্য /
_cসত্যপ্রসাদ সেনগুপ্ত
260 _aঢাকা :
_bমুক্তধারা,
_c১৯৭৬
300 _a৮৩ পৃ. ;
_c২১ সেমি.
650 _aইংরেজী সাহিত্য
_y২০০০-
_9146263
650 _aEnglish Literature
_y2000-
_9146264
942 _2ddc
_cBK
999 _c48309
_d48309